000
00225nam a2200097Ia 4500
008
240331s9999 xx 000 0 und d
082
_b
POP
100
_a
Pope, G.U
245
2
_a
A compendious Tamil English dictionary
942
_c
L
999
_c
3221
_d
3221